| 000 | 00668nam a2200133Ia 4500 | ||
|---|---|---|---|
| 008 | 150609s9999 xx 000 0 und d | ||
| 050 |
_aQK 861 _b.Ag282 2015 |
||
| 100 | _aAguda, Shiela Marie . | ||
| 245 | 4 |
_aThe antibacterial activity of brassica oleracea var, capitata linn (green cabbage) leaf extract against urinary pathogen escherichia coli / _cShiela Marie S. Aguda, Ma. Margarita D. Alcantara, Rosalyn J. Carpe, Errika Klenn D. Flores, Mark Angel D. Magracia . |
|
| 260 |
_aLas PiƱas, Philippines : _bSISC, _c2015. |
||
| 300 |
_a69 pages : _bcolor illustrations ; _c28 cm. |
||
| 500 | _aIncludes bibliographical references and appendices. | ||
| 650 | _aCabbage | ||
| 999 |
_c285027 _d285027 |
||